| 000 | 00689nam a2200253Ia 4500 | ||
|---|---|---|---|
| 003 | OSt | ||
| 005 | 20220912150622.0 | ||
| 006 | a|||||r|||| 00| 0 | ||
| 007 | ta | ||
| 008 | 220909b |||||||| |||| 00| 0 eng d | ||
| 024 | _a60922 | ||
| 037 | _cTextual | ||
| 040 |
_aCSL _beng _cCSL |
||
| 041 | _aeng | ||
| 082 | _aB0aA, G9 | ||
| 100 | _aBurington Richard Stevens | ||
| 245 | 0 | _aHigher mathematics | |
| 260 |
_aNew York _b McGraw Hill _c1939 |
||
| 300 |
_axiii,844p. _ccm. |
||
| 650 | _aMathematics | ||
| 700 | _a Torrance Charles Champman | ||
| 942 |
_hB0aA, G9 _cTEXL _2CC |
||
| 999 |
_c51113 _d51113 |
||